00876nam a22002537a 450000500170000001000110001702000100002803500110003803700160004904000120006508200130007710000270009024501030011726000520022027000190027230000330029150000430032465000200036765000400038770000310042794200220045899900190048095201230049920170124110224.0 a696434 c00.00 a696434 bCen Lib/Ret aDPLbEN a574bHAR aHardin, Garrett940448 aBiology :cby Garrett Hardin; illustrated by Evan L. Gillespie bits principles and implications / aSan Francisco bW.H. Freeman and Company c1966 bSan Francisco  aviii, 771p.:c23cm(Hb)bill. aIncludes appendix, glossary and index  aBiology 910215 aImplications and principlse 940449 aGillespie, Evan L. 940434 2ddccENh574mHAR c134326d134326 001040718REFaLbLd2015-07-29eCen Lib/Retg0.00l0o574 HARp696434r2015-07-29 00:00:00t1v0.00w2015-07-29yEN